| 000 | 01481nas a2200289 i 4500 | ||
|---|---|---|---|
| 003 | DO-SdBNP | ||
| 005 | 20260312150209.0 | ||
| 007 | ta | ||
| 008 | 260312e2021 dr zn|p|r||||||0| | spa d | ||
| 022 | _a2676-0908 | ||
| 040 |
_aDO-SdBNP _bspa _cBNPHU _erda |
||
| 041 | _aspa | ||
| 245 | _aMicros : revista de minificción dominicana y caribeña. | ||
| 264 |
_aSanto Domingo, República Dominicana : _bLetra Erguida, _c2021. |
||
| 300 |
_avolumen : _bilustraciones, fotografías ; _c26.5 cm. |
||
| 310 | _aCuatrimestral. | ||
| 336 |
_atexto _btxt _2rdacontent |
||
| 337 |
_asin mediación _bn _2rdamedia |
||
| 338 |
_avolumen _bnc _2rdacarrier |
||
| 362 | _aAño 1. No. 1, enero-abril 2021. | ||
| 500 | _aCatalogación basada en el: Año 1. No. 1, enero-abril 2021. | ||
| 520 | _aREVISTA MICROS es una publicación para lectores, creadores y estudiosos interesados en la literatura breve y la ficción gráfica, quienes encuentran en ambas formas narrativas, sustanciales manifestaciones de expresión creativa. Editada por el escritor Alexis Peña para–Editorial Letra Erguida, MICROS se dedicada, principalmente, al estudio y la difusión de textos de la República Dominicana y el Caribe hispano. | ||
| 650 | 0 |
_aMicrocuentos _vPublicaciones periódicas _zRepública Dominicana _989202 |
|
| 650 | 0 |
_aHumorismo gráfico dominicano _962038 _vPublicaciones periódicas |
|
| 650 | 0 |
_aCómics _989203 _vPublicaciones periódicas _zRepública Dominicana |
|
| 942 |
_2ddc _cISSUE |
||
| 999 |
_c60498 _d60498 |
||